000 00469nam a2200181Ia 4500
001 25088
005 20260414151126.0
008 260414t2019||||xx |||||||||||||| ||spa||
041 _aESP
082 _a346.2
_bB45
100 _aBermúdez Tapia, Manuel
_eAUT
245 0 _aLa evaluación constitucional de derechos en el derecho de familia
_b
260 _c2019
300 _a382 páginas :
_c25 cm.
650 _aDER
654 _aCDE
942 _cLIB
_dJUS
_fJUS
_2ddc
_n
999 _c25088
_d25088